Quizzes
Events
Quiz Creation
Community
Videos
Private Events
Remove Ads
Sign In
Join for FREE
Feedback
Dark Mode
Quiz Categories
Sports
Geography
Music
Movies
Television
Just For Fun
Miscellaneous
History
Literature
Language
Science
Gaming
Entertainment
Religion
Holiday
For Kids
Quiz Lab
Recent
Popular Today
Quiz Kudos Today
Editor Picks
Curator Picks
Quizzes by...
Day
Popularity
Type
Ratings
Length
Year
Community
Subscriptions
Recent Discussions
Orange Saloon
Badges
Playlists
Quests
Create
Leaderboards
Showdown
Live 5
Trivia Bingo
Activity
Puzzle Library
Sporcle Events
Private Events
Virtual Trivia
Globe League
Become a Host
Pub Owners
SporcleCon
Opinionation
Our Games
Videos
Blog
Mobile Apps
Partnerships
Remove Ads and Go Orange
Feedback
Science
Computer
Plants
Astronomy
Chemistry
Elements
Math
Animal
Physics
Anatomy
Biology
Geology
General Science
Science
Computer
Plants
Astronomy
Chemistry
Elements
Math
Animal
Physics
Anatomy
Biology
Geology
General Science
Random Quiz
Search Sporcle
×
Quiz Lab
Quiz Lab
Science
response
Type in answers that appear in a list
Type in answers that appear in a list
Classic
Best Score? Go Orange.
Imagerie QROC Stats
Can you name the réponses?
By
hello90210
20m
134 Questions
5 Plays
5 Plays
5 Plays
Comments
Comments
Give Quiz Kudos
Give Quiz Kudos
-
- Ratings
hide this ad
Replay
Link that replays current quiz
Next Quiz
Link to next quiz in quiz playlist
You Got
0%
They Got
Avg Score
15%
Avg Friend Score
Upgrade to see
Score Distribution
Jump to the score distribution portion of the page
Score
0/134
Timer
20:00
0
Plays Today
Question
Réponse
% Correct
Vrai ou Faux. L'IRM est la seule technique qui permette l'imagerie directe de la moelle épinière sans artifices invasifs.
Vrai
60%
Vrai ou Faux. L'IRM seule peut déterminer l'étendue exacte intra-
osseuse d'une tumeur primitive ainsi que son étendue dans les structures avoisinantes.
Vrai
60%
Vrai ou Faux. L'IRM permet le dx précoce de la nécrose avasculaire de la hanche.
Vrai
60%
Vrai ou Faux. Le site est souvent évident avec l'imagerie anatomique conventionnelle.
Vrai
60%
Nommez les contre-
indications absolues à l'IRM
Pacemaker
40%
Principaux constituants d'une bonne image en IRM
Champ magnétique puissant
40%
Plusieurs articulations ont une structure ligamentaire complexe qui ne peut être démontrée adéquatement que par l'IRM. Nommez-
les
Genou
40%
Plusieurs articulations ont une structure ligamentaire complexe qui ne peut être démontrée adéquatement que par l'IRM. Nommez-
les
Épaule
40%
Les images d'IRM sont produites par l'effet combiné de
Champ magnétique élevé
20%
Les images d'IRM sont produites par l'effet combiné de
Ondes de radiofréquence sur les protons d'hydrogène du corps humain
20%
Quels 2 éléments permettent la production d'image en IRM?
Différence de densité des protons d'hydrogène dans chaque tissu
20%
Quels 2 éléments permettent la production d'image en IRM?
Leur environnement moléculaire respectif
20%
Qu'est-
ce qui différencie l'IRM du CT scan?
Images dans tous les plans
20%
Quel est le rôle du gadolinium dans l'IRM?
Produit de contraste
20%
Nommez les contre-
indications absolues à l'IRM
Clip d'anévrisme intracrânien
20%
Nommez les contre-
indications absolues à l'IRM
Corps étranger métallique intra-orbitaire
20%
Nommez les contre-
indications absolues à l'IRM
Certaines prothèses valvulaires cardiaques métalliques
20%
À quelle condition la présence d'autres clips vasculaires, prothèses orthopédiques ou tiges métalliques ne constitue pas une contre-
indication à l'IRM?
Pas d'interférence avec la partie anatomique à étudier
20%
Principaux constituants d'une bonne image en IRM
Ondes de radiofréquence
20%
Principaux constituants d'une bonne image en IRM
Protons
20%
?% des examens IRM faits au Canada sont neurologiques
90
20%
Idéalement, ce % devrait être de
60
20%
L'indication cérébrale la plus représentative est le dx de
Sclérose en plaques
20%
L'IRM peut diagnostiquer plus de ?% des cas de cette maladie
95
20%
Alors que ce % est diminué à ? avec le CT scan
20-25
20%
L'IRM est essentielle au dx des maladies de
substance blanche
20%
Nommez 3 structures anatomiques inaccessibles au CT scan
Tronc cérébral
20%
Nommez 3 structures anatomiques inaccessibles au CT scan
Hypophyse
20%
Nommez 3 structures anatomiques inaccessibles au CT scan
Conduit auditif interne
20%
Nommez les principales indications cérébrales de l'IRM
Maladies de la substance blanche
20%
Nommez les principales indications cérébrales de l'IRM
Tumeurs primitives cérébrales
20%
Nommez les principales indications cérébrales de l'IRM
Tumeurs hypophysaires
20%
Nommez les principales indications cérébrales de l'IRM
Tumeurs de l'oreille interne
20%
Nommez les principales indications cérébrales de l'IRM
Tumeurs secondaires cérébrales
20%
Nommez les principales indications cérébrales de l'IRM
Malformations vasculaires
20%
Nommez les principales indications cérébrales de l'IRM
Infections
20%
Nommez les principales indications cérébrales de l'IRM
Séquelles de traumatismes crâniens
20%
Nommez les principales indications cérébrales de l'IRM
Malformations congénitales
20%
Nommez les principales indications cérébrales de l'IRM
Infarctus cérébraux à localisation complexe
20%
Quelles manoeuvres traumatisantes sont nécessaires avec la myélographie
Ponction lombaire
20%
Quelles manoeuvres traumatisantes sont nécessaires avec la myélographie
Injection de produit de contraste dans le canal spinal
20%
Nommez les principales indications spinales de l'IRM
Syrinx
20%
Nommez les principales indications spinales de l'IRM
Tumeurs spinales
20%
Nommez les principales indications spinales de l'IRM
Myélite
20%
Nommez les principales indications spinales de l'IRM
Malformations vasculaires
20%
Question
Réponse
% Correct
Nommez les principales indications spinales de l'IRM
Lésions ischémiques
20%
Nommez les principales indications spinales de l'IRM
Hernies discales
20%
Nommez les principales indications spinales de l'IRM
Fibrose vs hernie discale récidivante post-op
20%
L'investigation du système musculo-
squelettique représente ?% des examens d'IRM
5
20%
Nommez les principales indications musculo-
squelettiques
Tumeurs osseuses et des tissus mous
20%
Nommez les principales indications musculo-
squelettiques
Infections osseuses
20%
Nommez les principales indications musculo-
squelettiques
Nécroses avasculaires
20%
Nommez les principales indications musculo-
squelettiques
Affections post-traumatiques des articulations et des ligaments
20%
Nommez les principales indications musculo-
squelettiques
Fractures occultes
20%
Plusieurs articulations ont une structure ligamentaire complexe qui ne peut être démontrée adéquatement que par l'IRM. Nommez-
les
Cheville
20%
Nommes les principales indications cardio-
vasculaires de l'IRM
Malformations cardiaques congénitales
20%
Nommes les principales indications cardio-
vasculaires de l'IRM
Tumeurs cardiaques
20%
Nommes les principales indications cardio-
vasculaires de l'IRM
Maladies péricardiques
20%
Nommes les principales indications cardio-
vasculaires de l'IRM
Lésions aortiques
20%
Première indication cardio-
vasculaire reconnue en IRM
Maladies congénitales complexes
20%
Le mouvement ne nuit pas aux images cardiaques de l'IRM car elles sont prises à
des moments précis du cycle cardiaque
20%
L'IRM permet des études dynamiques du coeur en mouvement, identifiant ainsi facilement
Tumeurs cardiaques
20%
L'IRM permet des études dynamiques du coeur en mouvement, identifiant ainsi facilement
Caillots
20%
L'IRM permet des études dynamiques du coeur en mouvement, identifiant ainsi facilement
Anomalies des parois
20%
L'IRM permet des études dynamiques du coeur en mouvement, identifiant ainsi facilement
Régurgitations des valves
20%
Nommes les principales indications abdomino-
pelviennes de l'IRM
Lésions hépatiques uniques
20%
Nommes les principales indications abdomino-
pelviennes de l'IRM
Flux portes et hépatiques
20%
Nommes les principales indications abdomino-
pelviennes de l'IRM
Staging des tumeurs pelviennes
20%
Au CT scan, les structures denses génèrent des
artéfacts
20%
Quelles sont les contre-
indications à l'injection de contraste IV au CT scan?
Allergie
20%
Quelles sont les contre-
indications à l'injection de contraste IV au CT scan?
Insuffisance rénale
20%
Pourquoi les ultrasons ne sont-
ils utiles que chez le nourrisson?
Ne passent pas les os
20%
Quels sont les principaux inconvénients de l'IRM?
Contre-indications
20%
Quels sont les principaux inconvénients de l'IRM?
Claustrophobie
20%
Quels sont les principaux inconvénients de l'IRM?
Coût
20%
Quels sont les principaux inconvénients de l'IRM?
Immobilité
20%
Quels sont les principaux inconvénients de l'IRM?
Matériel compatible nécessaire si intubation
20%
Démarche à suivre avec problème cérébral suspecté: 1)
CT
20%
Démarche à suivre avec problème cérébral suspecté: 2)
IRM si précision nécessaire
20%
Démarche à suivre avec problème cérébral suspecté: 3)
Angio, doppler
20%
Démarche à suivre avec problème médullaire suspecté: 1)
IRM
20%
Démarche à suivre avec problème médullaire suspecté: 2)
CT si problème discal ou osseux
20%
Démarche à suivre avec problème radiculaire suspecté: 1)
CT ou IRM
20%
Spécialité qui utilise les isotopes pour étudier les aspects physiologiques et métaboliques du corps.
Médecine nucléaire
20%
Le produit radiopharmaceutique administré est composé de
Atome radioactif
20%
Le produit radiopharmaceutique administré est composé de
Molécule non radioactive
20%
La circulation normale du LCR se fait à partir des
Ventricules latéraux
20%
Flot du LCR en direction
Inférieure
20%
Recouvrement du LCR en direction de la
Convexité
20%
Pathologie d'étiologie imprécise, surtout chez les personnes âgées, causant un blocage de l'accès aux villosités arachnoïdiennes.
Hydrocéphalie normo-tensive
20%
Question
Réponse
% Correct
Ces patients développent des céphalées sévères en position
Debout
20%
Les changements post-
tx ont tendance à être?-
métaboliques
Hypo
20%
Par quoi l'accumulation de LCR est-
elle compensée?
Réabsorption trans-épendymaire
0%
Principaux sx de cette pathologie
Démence
0%
Principaux sx de cette pathologie
Troubles de la démarche et d'équilibre
0%
Principaux sx de cette pathologie
Troubles sphinctériens
0%
Tx de cette pathologie
Dérivation chirurgicale du LCR
0%
Ce qu'on retrouve au CT et à l'IRM
Dilatation ventriculaire disproportionnée par rapport aux signes d'atrophie
0%
Ce qu'on retrouve à l'IRM
Image anormale en péri-ventriculaire
0%
Quel examen complémentaire peut appuyer le dx et orienter la décision chirurgicale?
Cisternographie isotopique
0%
Cet examen démontre, dans le cas d'un dx positif,
Reflux important d'activité dans les ventricule latéraux
0%
Une fuite de LCR se produit typiquement suite à une chx ou un traumatisme par
Nez
0%
Une fuite de LCR se produit typiquement suite à une chx ou un traumatisme par
Oreille
0%
Une complication sérieuse est
Méningite
0%
Dans la céphalée orthostatique, il y a fuite du LCR au niveau
Vertébral
0%
Ces céphalées sont causées par une ? exagérée sur les méninges
Traction
0%
Étiologie de la céphalée orthostatique
Déchirure de la dure-mère
0%
Tx de la céphalée orthostatique
Blood patch
0%
Avec un ?, le site exact peur être retrouvé
SPECT-CT
0%
Dans des pathologies avec hydrocéphalie et blocage anormal au flot de LCR, on utlise des
Shunts
0%
Il y a 3 types de dysfonctions de shunt
Proximale
0%
Il y a 3 types de dysfonctions de shunt
Distale
0%
Il y a 3 types de dysfonctions de shunt
Loculation abdominale
0%
La technique implique l'injection d'une petite dose de ? dans le réservoir du shunt
Radioactivité
0%
Ceci force un reflux ? d'activité ce qui permet d'évaluer la portion ? du shunt
Proximal
0%
Par la suite, des images ? permettent d'évaluer le taux de disparition d'activité à partir du réservoir et de visualiser l'intégrité du flot tout le long de la tubulure
Sériées
0%
Technique utilisée pour l'étude du métabolisme cérébral
Tomographie d'émission par positron
0%
Cette étude est basée sur le fait que le cerveau est un consommateur exclusif de
Glucose
0%
Analogue du glucose utilisé pour observer la distribution intra-
cérébrale du métabolisme de base
FDG
0%
Indication principale de l'étude du métabolisme cérébral
Démence
0%
On observe, dans l'Alzheimer une
Diminution de l'activité des aires associatives postérieures
0%
On observe, dans la démence fronto-
temporale
Diminution de l'activité frontale
0%
On observe, dans la démence à corps de Lewy
Diminution de l'activité postérieure et occipitale
0%
On observe, dans l'aphasie primaire progressive
Diminution de l'activité temporale
0%
En oncologie, l'imagerie métabolique peut être préférée à l'IRM dans un contexte
Post-traitement
0%
Les tumeurs cérébrales ont tendance à être ?-
métaboliques
Hyper
0%
Marquage d'un produit lipophile qui se distribuera proportionnellement au flot sanguin cérébral suite à une injection IV
Perfusion cérébrale
0%
Marqueurs disponibles
ECD
0%
Marqueurs disponibles
HMPAO
0%
On observe, dans la mort cérébrale
Pas de perfusion intra-cérébrale résiduelle
0%
Toute crise d'épilepsie se caractérise par
Hypermétabolisme
0%
Toute crise d'épilepsie se caractérise par
Hyperperfusion cérébrale
0%
On observe, dans la phase précoce d'une encéphalite virale
Hyperperfusion focale ou multifocale
0%
Analogue de la L-
DOPA
F-DOPA
0%
Quiz Playlist
Details
Report
Send in Message
Add To Playlist
Classic:
Type in answers that appear in a list
Last Updated: Feb 16, 2017
Quiz Scoreboard
CHALLENGE
Sign Up to Join the Scoreboard
Show All
Scores
Hide
Comments
May contain spoilers
Recently Published
College Basketball Coaching Resumes
by pancakes188
Sports
9m
Billboard Blitz: Fleetwood Mac
by CooCooCachoo
Music
15s
Presidents Visiting Landmarks
by Hejman
History
7m
More to Explore
Quiz From the Vault
Featured Blog Post
Where Did the Easter Bunny Come From?
hide this ad
You Might Also Like...
Tags
detail
response
Today's Top Quizzes in Science
Browse Science
hide this ad
Today's Top Quizzes in response
Browse response
Top Contributed Quizzes in Science
1
Quick Pick: Radians
2
Quick Pick: 'CI-CJ' Animals
3
The First 100 Digits of Pi
4
Elements In Images
5
One Thing in Common: Science
6
Name the Acid, Base or Salt
7
Science Jokes
8
One Thing in Common: Science III
9
One Thing in Common: Science II
10
One Thing in Common: Animals
Explore More
Trending Topics
Crossword
Marvel
Harry Potter
NBA
Kpop
Disney
Anime
Song
NFL
Soccer
The Office
Pokémon
WWE
Country
Puzzle
hide this ad
More By:
hello90210
Quiz
Plays
Rating
Category
Featured
Created
Spectre d'action des antibiotiques
135
Science
Dec 14, 2010
Bactéries
92
Science
Dec 14, 2010
Revue des systèmes
69
Science
Apr 13, 2011
Revue des systèmes ECOS I
54
Science
Dec 6, 2011
Effets secondaires des antibiotiques
43
Science
Dec 14, 2010
Go to Creator's Profile
Score Distribution
Quiz Creator Spotlight
hello90210
Follow
Send a Message
Quizzes Created
-
Created Quiz Play Count
-
More By This Creator
Popular Quizzes Today
1
Find the US States - No Outlines Minefield
2
Find the Countries of Europe - No Outlines Minefield
3
The Countries of the World
4
Find the US States
5
Risky Map Clicking: Biggest States A-Z
6
US States
7
Popular People in 1961
8
Movies - When Are They Set?
More Science Quizzes
Animals Brought Back From the Brink
Published
Trending Quizzes
Risky Map Clicking: Least Populous States A-Z
1-10 Letter G Words
1-10 Letter F Words
Risky Map Clicking: Next State Alphabetically
Click the Washington State Counties! (Map)
Recently Updated
Leaping Animals
pecheneg
Reality TV Shows (A-Z)
bhenderson79
Rickey Henderson's Hall of Fame Teammates
pecheneg
Champions League XIs: Arsenal
pecheneg
Quick Pick: Celebrities in WWE's Hall of Fame
aduchscher
A-Z Keypad Blitz II
pecheneg
Multiple Oscar Actors
pecheneg
Mystery Phrase Blitz: Oscar 'Best Actors'
pecheneg
F. Scott Fitzgerald Novels
LTH
Pick 3 Villains
ddd62291
Trending Topics
Crossword
NBA
Kpop
Harry Potter
Marvel
Anime
Disney
Puzzle
Pokémon
NFL
The Office
WWE
Soccer
Song
Country
Your Account Isn't Verified!
In order to create a playlist on Sporcle, you need to verify the email address you used during registration. Go to your
Sporcle Settings
to finish the process.
Report this User
Report this user for behavior that violates our
Community Guidelines
.
Details:
Send Report
Go to the Sporcle.com Mobile Site →
Comments